01601nam a2200157 a 4500008004100000041000800041100002400049245004900073250001100122260006700133300001100200500012000211505106800331586003301399655001101432 t1971 sp |||g |||| 000 0 spa d aspa1 aVargas Llosa, Mario 3aLa ciudad y los perros /cMario Vargas Llosa a8a ed. aBarcelona:bSeix Barral ; Biblioteca Breve de Bolsillo;c1971. a343 p. aVargas Llosa, M. (1971). La ciudad y los perros. (8a ed.). Barcelona : Seix Barral ; Biblioteca Breve de Bolsillo.  aLa aparición de La ciudad y los perros, a raíz de serle concedido el premio Biblioteca Breve en 1962, constituyó una revelación y un acontecimiento literario en todos los países de habla hispana. La novela ha hecho una vertiginosa carrera mundial y ha sido traducida a catorce lenguas. En el colegio militar Leoncio Prado, de Lima, en que se entra por favor del estado, por vocación militar o por castigo impuesto por los padres, y en que conviven pues, jóvenes procedentes de todos los niveles sociales, económicos, étnicos y geográficos del Perú, se desarrollo una acción violenta en toda su complejidad y sus contradicciones. El autor injerta en un virtuoso cosmopolitísmo literario el vital impulso sudamericano, un potente primitivismo indiferente por completo a los convencionalismos sociales europeos. El cuadro en su conjunto es un alegato en contra de la brutalidad y la falsa virilidad, que se pretende inculcar en los jóvenes para fabricar héroes, pero que de hecho resulta en la anulación en ellos de toda sensibilidad. aPremio Biblioteca Breve 1962 aNovela